The man who said 'No': (Record no. 5758)

MARC details
000 -LEADER
fixed length control field 00664nam a22002177a 4500
003 - CONTROL NUMBER IDENTIFIER
control field GBCCL
005 - DATE AND TIME OF LATEST TRANSACTION
control field 20241126110549.0
008 - FIXED-LENGTH DATA ELEMENTS--GENERAL INFORMATION
fixed length control field 171213b xxu||||| |||| 00| 0 eng d
020 ## - INTERNATIONAL STANDARD BOOK NUMBER
International Standard Book Number 0 00 624819 5
040 ## - CATALOGING SOURCE
Transcribing agency gbc
082 ## - DEWEY DECIMAL CLASSIFICATION NUMBER
Classification number 224.9207
Item number TRE
100 ## - MAIN ENTRY--PERSONAL NAME
Personal name Treasure, Geoff
9 (RLIN) 7505
245 ## - TITLE STATEMENT
Title The man who said 'No':
Remainder of title The story of Jonah /
Statement of responsibility, etc. Geoff Treasure
260 ## - PUBLICATION, DISTRIBUTION, ETC.
Name of publisher, distributor, etc. Collins,
Place of publication, distribution, etc. New York:
Date of publication, distribution, etc. 1977
300 ## - PHYSICAL DESCRIPTION
Extent 88 p.;
Other physical details ill.,
Dimensions 17 cm.
440 ## - SERIES STATEMENT/ADDED ENTRY--TITLE
Title Today's good news.
9 (RLIN) 10413
650 ## - SUBJECT ADDED ENTRY--TOPICAL TERM
Topical term or geographic name entry element Bible. -- Jonah -- Commentaries.
9 (RLIN) 10414
650 ## - SUBJECT ADDED ENTRY--TOPICAL TERM
Topical term or geographic name entry element Bible. -- Jonah.
9 (RLIN) 10415
650 ## - SUBJECT ADDED ENTRY--TOPICAL TERM
Topical term or geographic name entry element Bible -- Old Testament -- Jonah Commentaries.
9 (RLIN) 10416
942 ## - ADDED ENTRY ELEMENTS (KOHA)
Source of classification or shelving scheme Dewey Decimal Classification
Koha item type Books
Koha issues (borrowed), all copies 8
Holdings
Withdrawn status Lost status Source of classification or shelving scheme Damaged status Not for loan Home library Current Library Shelving location Date acquired Total checkouts Total renewals Full call number Barcode Date last seen Date last checked out Copy number Price effective from Koha item type
    Dewey Decimal Classification     GRACE BIBLE COLLEGE GRACE BIBLE COLLEGE Biblical Studies 2018-04-05 8 1 224.9207 TRE 001228 2025-05-01 2022-09-05 c.1 2018-04-05 Books
© Grace Bible College Library 2025